[Event "RUS Cup Final Women 2018"]
[Site "Khanty-Mansiysk"]
[Date "2018.12.08"]
[Round "2.2"]
[White "Charochkina, Daria"]
[Black "Shuvalova, Polina"]
[Result "0-1"]
[WhiteElo "2344"]
[BlackElo "2441"]
[Annotator "TA"]
[PlyCount "90"]
[EventDate "2018.12.05"]
[EventType "k.o."]
[EventCountry "RUS"]
[SourceTitle "playchess.com"]
[Source "ChessBase"]
[SourceQuality "1"]

{[%evp 16,90,17,11,26,40,33,23,35,21,12,3,17,0,12,-36,-25,-23,0,0,10,0,0,-11,0,-6,-8,-10,18,-40,0,-12,0,-20,0,-2,34,-49,0,18,25,20,24,13,26,31,45,54,51,56,56,60,46,46,32,0,0,0,13,0,0,0,0,-28,-28,-38,-29,-29,-24,-358,-349,-1097,-544,-574,-618,-602,-566]} 1. e4 e5 2. Nf3 Nc6 3. Bc4 Bc5 4. c3 Nf6 5. d3 d6 6. Nbd2 a6 7. b4 {C54: Giuoco Piano: 4 c3 Nf6, main lines with 5 d4 and 5 d3} (7. Bb3 h6 8. Nf1 d5 9. exd5 Nxd5 10. Ng3 O-O 11. O-O Re8 12. Re1 Nf6 13. h3 Be6 14. Bc2 Bd5 15. Nh4 {½-½ (43) Duda,J (2739)-Mamedyarov,S (2820) Batumi 2018}) 7... Ba7 8. Bb3 O-O 9. O-O {LiveBook: 8 Games. The position is equal.} d5 10. exd5 Nxd5 11. Ne4 Bf5 $146 ({Predecessor:} 11... Bg4 12. Bb2 Nf4 13. Bc2 Qd7 14. Bc1 Ng6 15. h3 Be6 {½-½ (74) Larmuseau,M (2222)-Schneider Zinner,H (2346) Vienna 2011}) 12. Bg5 f6 13. Bd2 Kh8 14. Nh4 Be6 15. Nc5 Bxc5 $1 16. bxc5 Qe7 17. Re1 Rad8 18. Nf3 Qd7 19. h3 Bf7 20. Rb1 Bg6 21. Bc2 $1 Nde7 22. Re3 (22. d4 $1 $11) 22... Nd5 23. Re2 Nde7 24. Re3 Nd5 25. Re1 Nde7 26. Rxb7 (26. d4 $14) 26... Qc8 (26... Na5 $15 27. Rb4 Bxd3) 27. Qb1 $11 Bxd3 28. Bxd3 Rxd3 29. Rxc7 $1 ({Reject} 29. Qxd3 Qxb7 30. Rb1 Qc8 $15) 29... Qd8 {[#] Strongly threatening ...Rxf3.} 30. Qb7 $1 Na5 ({Much worse is} 30... Rxf3 $6 31. Rd7 $18) 31. Qxa6 {And now Rxe7! would win.} Rxf3 32. Rxe7 $1 ({Wrong is} 32. Qxa5 $2 Qxd2 33. Rf1 Ng6 $19) 32... Qxe7 33. gxf3 Qxc5 34. Be3 Qd5 $1 35. Qe2 h6 36. Rd1 Qe6 37. Qb5 Qxa2 38. Qc5 Rg8 39. Kh2 Nc4 40. Bc1 Qe2 $36 {[%mdl 2048] Black has good play.} 41. Rg1 e4 {...Ne5 is the strong threat.} 42. Rg4 $2 {[%mdl 8192]} (42. f4 $1 $11) 42... Ne5 $19 {[%mdl 64] [#] Double Attack} 43. Rg2 $2 (43. Qe3 Nxg4+ 44. fxg4) 43... exf3 (43... Nxf3+ $142 44. Kg3 Qf1) 44. Rg1 Nd3 $1 {[%csl LRc5,LRf2]} 45. Qe3 Nxf2 {Accuracy: White = 42%, Black = 41%.} 0-1

[Event "RUS Cup Final Women 2018"]
[Site "Khanty-Mansiysk"]
[Date "2018.12.08"]
[Round "2.3"]
[White "Girya, Olga"]
[Black "Guseva, Marina"]
[Result "1/2-1/2"]
[WhiteElo "2454"]
[BlackElo "2408"]
[Annotator "TA"]
[PlyCount "118"]
[EventDate "2018.12.05"]
[EventType "k.o."]
[EventCountry "RUS"]
[SourceTitle "playchess.com"]
[Source "ChessBase"]
[SourceQuality "1"]

{[%evp 26,118,44,10,45,37,41,33,33,34,46,45,64,33,40,9,27,28,25,0,0,0,0,0,43,38,40,36,87,88,83,68,73,71,66,71,68,66,71,38,40,49,50,48,53,20,45,0,50,54,72,72,93,97,93,98,92,101,122,123,134,129,118,126,134,0,0,0,25,33,132,0,0,0,2,0,0,-8,-8,-8,0,0,0,-135,-135,-135,-135,-135,-8,-8,-8,-8,-8,-5110,-8]} 1. d4 d5 2. c4 c6 3. Nc3 Nf6 4. e3 e6 5. Nf3 Nbd7 6. Qc2 b6 7. Bd3 Bb7 8. O-O Be7 9. b3 O-O 10. Bb2 h6 11. Rac1 Rc8 12. Rfd1 Qc7 13. Qe2 Qb8 {D46: Semi-Slav: 5 e3 Nbd7 6 Bd3, Black avoids the Meran} 14. Bb1 {LiveBook: 3 Games} Rfd8 15. Ne5 {[#]} Nf8 $146 {White is slightly better.} ({Predecessor:} 15... Nxe5 16. dxe5 Nd7 17. f4 {½-½ (17) Gustafsson,J (2647)-Dreev,A (2697) Aix les Bains 2011}) 16. e4 dxe4 17. Nxe4 c5 18. dxc5 {Rxd8 is the strong threat.} bxc5 19. Nxf6+ Bxf6 20. Qe3 Rxd1+ 21. Rxd1 Rd8 22. Bc2 Rxd1+ 23. Bxd1 Qd6 24. Bh5 g6 (24... Ng6 $5 25. f4 Qa6 $11) 25. Be2 Bg7 26. Bc3 a6 (26... h5 $14) 27. Ng4 $16 g5 28. Nf6+ Bxf6 $1 29. Bxf6 {And now Qh3 would win.} Nd7 30. Bc3 f6 31. h4 e5 32. Bg4 Nf8 33. hxg5 hxg5 34. Bf5 Bc6 35. Ba5 Qd1+ 36. Kh2 Bd7 37. Be4 Qh5+ 38. Kg1 Qd1+ 39. Qe1 Qd6 {[#]} 40. Qd2 $1 {[%cal Rd2d6]} Qxd2 41. Bxd2 {[%mdl 4096] Endgame KBB-KBN} Kf7 42. Bb7 Ne6 43. Bxa6 Nd4 44. Bb7 Bf5 45. Be3 (45. f3 $16) 45... Ke7 $11 46. Bd2 Kd6 47. Ba5 Bb1 (47... Nc6 $14 48. Bb6 Bc2) 48. Bd8 (48. a4 $16) 48... Bxa2 49. Bxf6 g4 50. Kh2 Bxb3 51. Kg3 Bxc4 {Black wants to play ...Be6.} 52. Kxg4 Bd5 53. Bxd5 Kxd5 {KB-KN} 54. Kh5 (54. Bd8 $11 {remains equal.}) 54... c4 $17 {[%cal Bc5c4,Bc4c3][%mdl 32] Hoping for ...Ne2.} 55. Bg5 c3 {[#] White must now prevent ...Ne2.} 56. Be3 Ke6 (56... Ke4 $17 57. g4 Ne2) 57. g4 $1 $11 Kf7 58. Kg5 c2 59. f4 $2 {[%mdl 8192]} (59. Kh5 $11) 59... exf4 $2 {Accuracy: White = 53%, Black = 45%.} ({Black should try} 59... Ne6+ $19 60. Kh4 Nxf4) 1/2-1/2

[Event "RUS Cup Final Women 2018"]
[Site "Khanty-Mansiysk"]
[Date "2018.12.08"]
[Round "2.4"]
[White "Guseva, Marina"]
[Black "Girya, Olga"]
[Result "1-0"]
[WhiteElo "2408"]
[BlackElo "2454"]
[Annotator "TA"]
[PlyCount "133"]
[EventDate "2018.12.05"]
[EventType "k.o."]
[EventCountry "RUS"]
[SourceTitle "playchess.com"]
[Source "ChessBase"]
[SourceQuality "1"]

{[%evp 17,133,14,37,34,34,14,31,32,26,29,33,32,26,24,45,31,33,31,27,17,21,0,15,0,10,10,25,21,15,0,0,-12,0,-25,0,-10,0,0,0,0,0,0,0,0,0,0,0,-7,37,34,14,24,64,52,75,54,72,66,106,110,206,205,329,303,326,316,607,618,677,528,531,504,712,563,2023,1925,1654,1632,1365,1300,934,880,29966,29969,29969,29970,29969,29966,29966,29966,12604,1394,6379,5938,5600,5151,4751,4751,29976,29977,29977,29978,29979,29980,29980,29981,29981,29982,29982,29982,29982,29983,29983,29984,29986,29986,29987,29988]} 1. d4 f5 2. g3 Nf6 3. Bg2 e6 4. Nf3 d5 5. O-O Bd6 6. b3 O-O 7. c4 Ne4 {A90: Dutch Defence: Miscellaneous and Modern Stonewall (with ...Bd6)} (7... b6 8. Ba3 Ne4 9. Bxd6 Qxd6 10. cxd5 exd5 11. e3 Ba6 12. Re1 Nd7 13. Qc1 c5 14. Qa3 Bb7 15. dxc5 bxc5 {0-1 (40) Melkumyan,H (2633)-Grischuk,A (2772) Riadh 2017}) 8. Ba3 Bxa3 9. Nxa3 Nc6 {LiveBook: 3 Games. The position is equal.} 10. e3 Qe7 11. Nc2 $146 {[%cal Ba3c2,Bc2e1,Be1d3][%mdl 32]} ({Predecessor:} 11. Qc2 Bd7 12. Qb2 Be8 13. Rfc1 g5 14. Nb5 Bg6 15. Nc3 Rad8 16. Ne2 {0-1 (58) Gomez Esteban,J (2425)-Ilinsky,V (2340) Manila 1992}) 11... a5 12. Nce1 b6 13. Nd3 Ba6 14. Nfe5 Nxe5 15. Nxe5 Qd6 16. Re1 c5 17. Rc1 Rac8 18. f3 Nf6 19. Qd2 Rfd8 20. Red1 dxc4 21. bxc4 Qc7 22. Qb2 Rd6 23. Kh1 Rcd8 24. h3 Bb7 25. g4 Nd7 (25... fxg4 {is interesting.} 26. hxg4 Nd7 27. dxc5 Nxc5 28. Rd4 Nd7) 26. Nxd7 Qxd7 27. gxf5 cxd4 28. exd4 exf5 {[%cal Rd6d4]} 29. d5 f4 30. Rd4 Rf6 31. Re1 Qd6 32. Qe2 Bc8 33. Qe7 Qxe7 34. Rxe7 Kf8 35. Rc7 Bd7 36. h4 h6 37. Kh2 g5 38. Bh3 Bxh3 (38... Be8 $16 {was called for.}) 39. Kxh3 $16 {[%mdl 4096] Endgame KRR-KRR} Rfd6 (39... Rdd6 $142 40. hxg5 hxg5) 40. hxg5 $18 hxg5 41. Kg4 b5 $2 {[#]} (41... a4 42. Kxg5 b5 43. Kxf4 bxc4) 42. cxb5 a4 43. a3 Rb8 44. Rc5 Rdb6 45. Kxg5 Rxb5 46. Rxb5 Rxb5 47. Kxf4 {KR-KR} Ke7 48. Ke5 Rb3 49. Rxa4 Rxf3 50. Ra7+ Kd8 51. a4 Kc8 52. Ke6 Ra3 53. Ra5 Rh3 54. Rc5+ (54. Ra8+ $142 Kb7 55. Re8) 54... Kb7 55. Rc4 Rh6+ 56. Ke7 Rh7+ 57. Kd6 Kb6 58. Rb4+ {White mates.} Ka5 59. Rb1 Kxa4 60. Kc6 Rh2 61. d6 {[%cal Bd5d6,Bd6d7][%mdl 32]} Rc2+ 62. Kb7 Rd2 63. Kc7 Rc2+ 64. Kd8 Ka5 65. d7 Re2 66. Rc1 Kb6 67. Kc8 {Accuracy: White = 64%, Black = 41%.} 1-0

[Event "RUS Cup Final Women 2018"]
[Site "Khanty-Mansiysk"]
[Date "2018.12.09"]
[Round "3.1"]
[White "Guseva, Marina"]
[Black "Shuvalova, Polina"]
[Result "1-0"]
[WhiteElo "2408"]
[BlackElo "2441"]
[Annotator "TA"]
[PlyCount "141"]
[EventDate "2018.12.05"]
[EventType "k.o."]
[EventCountry "RUS"]
[SourceTitle "playchess.com"]
[Source "ChessBase"]
[SourceQuality "1"]

{[%evp 25,141,11,11,0,7,0,11,13,17,15,51,51,43,48,48,47,81,81,92,81,80,100,100,95,90,93,85,60,87,7,24,15,43,0,20,35,20,18,19,16,39,6,13,0,0,0,0,0,8,21,74,74,74,68,87,12,74,74,75,75,124,125,125,116,133,131,130,129,102,114,191,183,181,102,171,176,175,149,249,189,184,179,507,508,479,235,237,0,313,276,243,227,503,538,821,548,12791,6205,29982,29983,29983,29984,29984,29984,29986,29987,29987,29988,29988,29989,29989,29989,29991,29990,29991,29992,29993,29993]} 1. d4 Nf6 2. c4 e6 3. Nf3 b6 4. g3 c6 5. Bg2 d5 6. O-O Be7 7. b3 O-O 8. Bb2 Bb7 9. Ne5 Nbd7 10. Nd2 c5 11. Nxd7 Qxd7 12. dxc5 {E07: Closed Catalan: Main Line (5 Nf3 0-0 6 0-0 Nbd7)} bxc5 13. cxd5 exd5 {LiveBook: 8 Games} 14. Rc1 {The position is equal.} (14. e4 d4 15. Re1 a5 16. a4 Qe6 17. Rc1 Ng4 18. Ba3 Ne5 19. Bf1 Rfc8 20. f4 Nd7 21. Nc4 Rcb8 22. Bg2 {½-½ (22) Khalifman,A (2690)-Polgar,J (2685) Hoogeveen 2002}) 14... Rac8 15. Re1 $146 ({Predecessor:} 15. Bxf6 Bxf6 16. e4 Bd4 17. exd5 Bxd5 18. Bxd5 Qxd5 {1-0 (76) Bonin,J (2401)-Shapiro,D (2356) Nassau 1999}) 15... Rfd8 16. Qc2 $1 h6 (16... d4 {looks sharper.} 17. Bxb7 Qxb7 18. e3 Qd7 19. Rcd1 Nd5) 17. e4 dxe4 18. Nxe4 Nxe4 19. Bxe4 Bxe4 20. Rxe4 Bg5 21. Rce1 Qc6 22. Bc3 Bf6 23. Bxf6 Qxf6 24. Rc4 a5 25. Ra4 Re8 26. Rd1 (26. Rf1 {keeps more tension.} Qe6 27. h4 Qe2 28. Rc1 Qf3 29. Qc3) 26... Rcd8 27. Rf4 (27. Rxd8 $16 Rxd8 28. Qxc5) 27... Rxd1+ (27... Qc6 {looks sharper.} 28. Rf1 Re5 29. Ra4 Qb5 30. Rd1 Red5) 28. Qxd1 $11 {[%mdl 4096] Endgame KQR-KQR} Qc6 29. Qd2 Qc7 30. h4 Rd8 31. Qe2 Qc6 32. Qe4 Qc7 33. Kg2 h5 34. Rf3 g6 35. Rf6 Rd2 36. a4 Qd7 37. Ra6 Qc7 (37... Kh7 $11) 38. Rc6 $16 Qa7 39. Rc8+ Kh7 {next ...c4! is good for Black.} 40. Ra8 (40. Qf3 $1 $16) 40... Qb6 (40... Qd7 $1 $11) 41. Qf3 Rd7 42. Kh2 Ra7 43. Re8 Rd7 44. Qf4 $1 $40 {[%mdl 128] White goes for the king.} Kg7 45. Qe5+ f6 46. Qe3 Rb7 47. Rc8 Rc7 (47... c4 $16 {was called for.} 48. Qxb6 (48. bxc4 Qxe3 49. fxe3 Rb4 $11) 48... Rxb6 49. Rxc4 (49. bxc4 Rb4 $11) 49... Rxb3) 48. Rd8 $1 $18 {aiming for Qe8.} Qc6 {[#]} 49. Qd3 (49. Qe1 $1 $18) 49... Rf7 {[#]} (49... Re7 $16 {was necessary.}) 50. Rd6 $1 {[%cal Rd6c6]} Qe8 51. Qd5 Qe1 (51... Qe5 $16) 52. Kg2 Qb4 53. Rc6 Rb7 $2 (53... c4) 54. Rxc5 Ra7 55. Rc8 (55. Rb5 $142 Qe7 56. Rb8) 55... Qb7 56. Rc5 $2 (56. Rc6 $18) 56... Qb6 $2 {[%mdl 8192]} (56... Qb4 $1 $11) 57. Rb5 Qc7 58. Qc5 Qf7 $2 (58... Qxc5 59. Rxc5 Kf7) 59. Rxa5 Rxa5 60. Qxa5 Qxb3 {KQ-KQ} 61. Qb5 Qc2 62. Qb7+ {White mates.} Kh6 63. a5 g5 64. hxg5+ fxg5 65. a6 h4 66. a7 h3+ 67. Kxh3 Qxf2 68. Qc6+ Kh7 69. Qd7+ Kh6 70. a8=Q g4+ 71. Qxg4 {Accuracy: White = 68%, Black = 38%.} 1-0

[Event "RUS Cup Final Women 2018"]
[Site "Khanty-Mansiysk"]
[Date "2018.12.10"]
[Round "3.2"]
[White "Shuvalova, Polina"]
[Black "Guseva, Marina"]
[Result "1/2-1/2"]
[WhiteElo "2441"]
[BlackElo "2408"]
[Annotator "ChessBase"]
[PlyCount "85"]
[EventDate "2018.12.05"]
[EventType "k.o."]
[EventCountry "RUS"]
[SourceTitle "playchess.com"]
[Source "ChessBase"]
[SourceQuality "1"]
[TimeControl "5400+30"]

1. e4 {[%emt 0:00:00]} c5 {[%emt 0:00:00]} 2. Nf3 {[%emt 0:00:00]} d6 {[%emt 0:00:00]} 3. d4 {[%emt 0:00:00]} cxd4 {[%emt 0:00:00]} 4. Nxd4 {[%emt 0:00:00]} Nf6 {[%emt 0:00:00]} 5. Nc3 {[%emt 0:00:00]} a6 {[%emt 0:00:00]} 6. Be2 {[%emt 0:00:00]} e5 {[%emt 0:00:01]} 7. Nb3 {[%emt 0:00:03]} Be7 {[%emt 0:00:05]} 8. O-O {[%emt 0:00:06]} O-O {[%emt 0:00:03]} 9. Qd3 {[%emt 0:01:35]} Be6 {[%emt 0:00:12]} 10. Bd2 {[%emt 0:00:13]} Nbd7 11. Nd5 {[%emt 0:00:18]} Bxd5 {[%emt 0:18:59]} 12. exd5 {[%emt 0:00:04]} a5 {[%emt 0:00:05]} 13. Qb5 {[%emt 0:07:45]} b6 {[%emt 0:01:45]} 14. Rad1 {[%emt 0:06:11]} Qc7 {[%emt 0:03:44]} 15. c4 {[%emt 0:01:58]} a4 {[%emt 0:08:49]} 16. Nc1 {[%emt 0:04:43]} Qc5 {[%emt 0:07:43]} 17. Qxc5 {[%emt 0:04:51]} bxc5 {[%emt 0:00:17]} 18. Nd3 {[%emt 0:02:54]} Rfb8 {[%emt 0:03:08]} 19. Bc1 {[%emt 0:02:01]} e4 {[%emt 0:03:47]} 20. Ne1 {[%emt 0:00:37]} Ne5 {[%emt 0:00:32]} 21. Nc2 {[%emt 0:02:04]} Nfd7 {[%emt 0:01:51]} 22. f3 {[%emt 0:03:26]} exf3 {[%emt 0:02:23]} 23. gxf3 {[%emt 0:00:07]} g5 {[%emt 0:03:52]} 24. Ne3 {[%emt 0:03:29]} Bf6 {[%emt 0:03:28]} 25. Nf5 {[%emt 0:04:08]} Ra6 {[%emt 0:00:04]} 26. Kh1 {[%emt 0:02:17]} Kh8 {[%emt 0:00:55]} 27. Rg1 {[%emt 0:08:17]} Ng6 {[%emt 0:02:36]} 28. Bf1 {[%emt 0:06:26]} Nde5 {[%emt 0:02:42]} 29. Rg3 {[%emt 0:01:31]} Nf4 {[%emt 0:05:05]} 30. h4 {[%emt 0:10:11]} gxh4 {[%emt 0:00:49]} 31. Rg1 {[%emt 0:00:15]} Neg6 {[%emt 0:05:43]} 32. Rg4 {[%emt 0:01:29]} Be5 {[%emt 0:06:58]} 33. Re1 {[%emt 0:07:51]} h5 {[%emt 0:05:00]} 34. Rg5 {[%emt 0:02:15]} Bf6 {[%emt 0:00:38]} 35. Rg1 {[%emt 0:00:37]} h3 {[%emt 0:10:31]} 36. Re4 {[%emt 0:01:28]} Be5 {[%emt 0:00:04]} 37. Rg5 {[%emt 0:00:57]} Rab6 {[%emt 0:02:03]} 38. a3 {[%emt 0:11:26]} Rxb2 {[%emt 0:00:49]} 39. Bxb2 {[%emt 0:03:01]} Rxb2 {[%emt 0:00:03]} 40. Re1 {[%emt 0:00:32]} Rb3 {[%emt 0:00:54]} 41. Bxh3 {[%emt 0:02:02]} Rxf3 {[%emt 0:02:27]} 42. Bf1 {[%emt 0:00:17]} Rxa3 {[%emt 0:00:07]} 43. Rb1 {[%emt 0:02:11]} 1/2-1/2